La ligne bleue des Balkans : temoignages d'observateurs militaires, 1875-1876
Αποθηκεύτηκε σε:
| Κύριος συγγραφέας: | |
|---|---|
| Μορφή: | Βιβλίο |
| Γλώσσα: | French |
| Δημοσίευση: |
Paris :
L'Harmattan,
1996
|
| Σειρά: | Aujourd'hui l'Europe
|
| Θέματα: | |
| Ετικέτες: |
Προσθήκη ετικέτας
Δεν υπάρχουν, Καταχωρήστε ετικέτα πρώτοι!
|
MARC
| LEADER | 00000nam a2200000 i 4500 | ||
|---|---|---|---|
| 001 | 1/77627 | ||
| 008 | 080317s1996 fre d | ||
| 020 | |a 2-7384-4525-X | ||
| 035 | |l 10095511 | ||
| 040 | |a GR-MY-UA |b gre |e aacr | ||
| 041 | 0 | |a fre | |
| 082 | 0 | |a 949.60287 |2 (22) | |
| 100 | 1 | |a Pailler, Jean. | |
| 245 | 1 | 3 | |a La ligne bleue des Balkans : |b temoignages d'observateurs militaires, 1875-1876 / |c Jean Pailler |
| 260 | |a Paris : |b L'Harmattan, |c 1996 | ||
| 300 | |a 383 σ.; |c 22 εκ. | ||
| 490 | 1 | |a Aujourd'hui l'Europe | |
| 504 | |a Ευρετήριο: σ. 373-379 | ||
| 650 | 0 | 0 | |a Eastern question (Balkan) |x Sources. |
| 651 | 0 | |a Balkan Peninsula |x Politics and government |y 19th century |x Sources. | |
| 651 | 0 | |a Balkan Peninsula |x History, Military. | |
| 830 | 0 | |a Aujourd'hui l'Europe | |
| 852 | |a INST |b LESVOS |e 20080317 |h 949.60287 PAI |p 005100040579 |q 005100040579 |t BK |y 4 |x 20200115 | ||
| 901 | |a BIBL1-2008-1 | ||
| 909 | |a Λ |b 145840 | ||
| 922 | |a 1ΕΛΗ |b 200802 |c ΕΠΕΑΕΚ2/ΤΚΑ |d ΠΑΠΑΣΩΤΗΡΙΟΥ | ||
| 970 | |a ΧΑΤΖΗΜΙΧΑΗΛ |b ΜΑΡΙΑ |z 2008/03/17 | ||